[Event "Pinneberg-ch"]
[Site "Pinneberg"]
[Date "2008.09.18"]
[Round "4"]
[White "Schiller, Thomas"]
[Black "Kara, Salih Zafer"]
[Result "1-0"]
[WhiteElo "1855"]
[BlackElo "1200"]
[PlyCount "43"]
[EventDate "2008.08.28"]
[EventType "swiss"]
[EventRounds "7"]
[EventCountry "GER"]
[SourceTitle "EXT 2011"]
[Source "ChessBase"]
[SourceDate "2010.11.26"]
[SourceVersion "1"]
[SourceVersionDate "2010.11.26"]
[SourceQuality "1"]

1. e4 e5 2. d4 d6 3. dxe5 dxe5 4. Qxd8+ Kxd8 5. Bc4 f6 6. Nc3 Bb4 7. Nge2 Nc6 8. Be3 Bd7 9. 0-0-0 Kc8 10. a3 Bxc3 11. Nxc3 Nge7 12. Rd2 Rd8 13. f3 Na5 14. Ba2 b6 15. Rhd1 Nac6 16. Nd5 Nxd5 17. Bxd5 Kb7 18. b4 b5 19. a4 a6 20. c4 Rdb8 21. cxb5 axb5 22. axb5 1-0

[Event "Pinneberg-ch"]
[Site "Pinneberg"]
[Date "2008.09.04"]
[Round "2"]
[White "Kara, Salih Zafer"]
[Black "Tornier, Siegfried"]
[Result "1-0"]
[WhiteElo "1200"]
[BlackElo "1641"]
[PlyCount "87"]
[EventDate "2008.08.28"]
[EventType "swiss"]
[EventRounds "7"]
[EventCountry "GER"]
[SourceTitle "EXT 2011"]
[Source "ChessBase"]
[SourceDate "2010.11.26"]
[SourceVersion "1"]
[SourceVersionDate "2010.11.26"]
[SourceQuality "1"]

1. d4 d5 2. Nf3 Nf6 3. e3 e6 4. c4 b6 5. Nc3 Ba6 6. b3 Bb4 7. Bd2 0-0 8. Bd3 Bxc3 9. Bxc3 Nbd7 10. 0-0 h6 11. Re1 Re8 12. Qc2 Bb7 13. Rac1 Rc8 14. cxd5 exd5 15. Qb2 Ne4 16. Nd2 Nxc3 17. Rxc3 Qg5 18. Nf3 Qf6 19. b4 a6 20. Rec1 c6 21. Qc2 b5 22. Bf5 Rc7 23. Bxd7 Rxd7 24. Ne5 Rd6 25. Nxc6 Bxc6 26. Rxc6 g6 27. Rxd6 Qxd6 28. Qc6 Qxc6 29. Rxc6 Re6 30. Rxe6 fxe6 31. f3 Kf7 32. Kf2 Kf6 33. e4 g5 34. Ke3 h5 35. g3 Kg6 36. h3 Kf6 37. f4 Kg6 38. g4 hxg4 39. hxg4 Kf6 40. fxg5+ Kxg5 41. Kf3 Kg6 42. Kf4 Kf6 43. g5+ Kg6 44. exd5 1-0